[Event "Pavlodar op"]
[Site "Pavlodar"]
[Date "2013.12.12"]
[Round "4"]
[White "Temirbayev, Serikbay"]
[Black "Ankudinova, Elena"]
[Result "1-0"]
[WhiteElo "2362"]
[BlackElo "2151"]
[PlyCount "121"]
[EventDate "2013.12.10"]
[EventType "swiss"]
[EventRounds "10"]
[EventCountry "KAZ"]
[SourceTitle "CBM 158 Extra"]
[Source "ChessBase"]
[SourceDate "2014.02.28"]
[SourceVersion "1"]
[SourceVersionDate "2014.02.28"]
[SourceQuality "1"]

1. c4 c6 2. Nf3 d5 3. b3 Bf5 4. Bb2 e6 5. e3 Nf6 6. Be2 Nbd7 7. Nh4 Bg6 8. a3 Bd6 9. h3 0-0 10. Nxg6 hxg6 11. d3 Re8 12. Nd2 e5 13. cxd5 cxd5 14. 0-0 Qe7 15. Qb1 Rec8 16. Rc1 Qd8 17. Rxc8 Rxc8 18. Qd1 a6 19. Rc1 Rxc1 20. Qxc1 Qc7 21. Qxc7 Bxc7 22. h4 Kf8 23. Kf1 Ke7 24. Ke1 Ne8 25. g4 Bd6 26. Kd1 Nc7 27. Kc2 b5 28. b4 Nb6 29. Nb3 f6 30. Na5 Kd7 31. g5 Ke6 32. Bg4+ Kf7 33. Nc6 Ne6 34. Kd2 Nd7 35. Bf3 Nb6 36. gxf6 gxf6 37. h5 Ng5 38. hxg6+ Kxg6 39. Bg4 Kf7 40. Nd8+ Ke8 41. Nb7 Ke7 42. Ba1 Ne6 43. Kc2 Nc7 44. Bc3 Ne6 45. Kb3 Nc7 46. Bf5 Na4 47. Be1 Ne6 48. Bg4 Kd7 49. f3 Ke7 50. Bh4 Bc7 51. Kc2 Bb6 52. Bf2 Kd7 53. Kd2 Ke7 54. Bf5 Kd7 55. Bg4 Ke7 56. Kc2 Kd7 57. d4 Ke7 58. dxe5 fxe5 59. Bh4+ Kd7 60. Bf6 Bxe3 61. Nd8 1-0

[Event "Ulan-Ude Sangha"]
[Site "Ulan-Ude"]
[Date "2013.09.10"]
[Round "4"]
[White "Lavrov, Sergey Viktorovich"]
[Black "Temirbayev, Serikbay"]
[Result "1/2-1/2"]
[WhiteElo "2402"]
[BlackElo "2364"]
[PlyCount "155"]
[EventDate "2013.09.08"]
[EventType "tourn"]
[EventRounds "11"]
[EventCountry "RUS"]
[EventCategory "7"]
[SourceTitle "EXT 2018"]
[Source "ChessBase"]
[SourceDate "2017.10.13"]
[SourceVersion "1"]
[SourceVersionDate "2017.10.13"]
[SourceQuality "1"]

1. Nf3 Nf6 2. d4 g6 3. c4 Bg7 4. Nc3 0-0 5. e4 d6 6. h3 e5 7. d5 Na6 8. Bg5 c6 9. Nd2 Bd7 10. Be2 Nc7 11. 0-0 c5 12. Rb1 h6 13. Bh4 Qe8 14. b4 cxb4 15. Rxb4 b6 16. a4 Na6 17. Rb3 g5 18. Bg3 Bxa4 19. Qa1 Nc5 20. Ra3 Bc2 21. Bf3 Qd7 22. Qa2 Bd3 23. Re1 h5 24. Re3 Bh6 25. Be2 Bxe2 26. Rxe2 g4 27. Bh4 Nh7 28. hxg4 hxg4 29. Nf1 f5 30. exf5 Rxf5 31. Ng3 Rf7 32. Nce4 Bf4 33. Nxc5 bxc5 34. Ne4 Bh6 35. Ra6 Bf8 36. Qb1 Qf5 37. Rb2 Qd7 38. Nxd6 Bxd6 39. Qg6+ Rg7 40. Qxd6 Qxd6 41. Rxd6 a5 42. Rc6 a4 43. Rxc5 Nf8 44. Rcb5 Rd7 45. Kh2 a3 46. Ra2 Ra4 47. Rc5 Rb7 48. Bg5 Nd7 49. Rc8+ Kf7 50. Bc1 Nb6 51. Rh8 Kg7 52. Rh4 Nxc4 53. Rxg4+ Kf6 54. Rg3 Rh7+ 55. Kg1 Rha7 56. Rd3 Ke7 57. g4 Kd6 58. g5 R4a5 59. g6 Rxd5 60. Rg3 Rd1+ 61. Kg2 Rxc1 62. g7 Rxg7 63. Rxg7 Kd5 64. Rg3 Kc5 65. Rb3 Kd4 66. Rh3 Rc3 67. Rh8 Kc5 68. Rc8+ Kb4 69. Rb8+ Kc5 70. Ra1 Rc2 71. Rh1 Kd4 72. Rh7 a2 73. Rd7+ Ke4 74. Ra7 Ne3+ 75. Kg3 Nf5+ 76. Kg2 Ne3+ 77. Kg3 Nf5+ 78. Kg2 1/2-1/2

[Event "Ulan-Ude Sangha"]
[Site "Ulan-Ude"]
[Date "2013.09.08"]
[Round "1"]
[White "Temirbayev, Serikbay"]
[Black "Malakhatko, Vadim"]
[Result "1/2-1/2"]
[WhiteElo "2364"]
[BlackElo "2531"]
[PlyCount "31"]
[EventDate "2013.09.08"]
[EventType "tourn"]
[EventRounds "11"]
[EventCountry "RUS"]
[EventCategory "7"]
[SourceTitle "EXT 2018"]
[Source "ChessBase"]
[SourceDate "2017.10.13"]
[SourceVersion "1"]
[SourceVersionDate "2017.10.13"]
[SourceQuality "1"]

1. d4 Nf6 2. c4 e6 3. Nf3 b6 4. g3 Bb7 5. Bg2 Be7 6. 0-0 0-0 7. Nc3 Ne4 8. Nxe4 Bxe4 9. Ne1 Bxg2 10. Nxg2 c6 11. Qc2 Na6 12. Be3 Qc8 13. Rac1 Qb7 14. Nf4 d5 15. cxd5 cxd5 16. Nd3 1/2-1/2

[Event "Pavlodar op"]
[Site "Pavlodar"]
[Date "2012.12.08"]
[Round "9"]
[White "Kassimov, Baurzhan"]
[Black "Temirbayev, Serikbay"]
[Result "1-0"]
[WhiteElo "2260"]
[BlackElo "2387"]
[PlyCount "43"]
[EventDate "2012.11.30"]
[EventType "swiss"]
[EventRounds "10"]
[EventCountry "KAZ"]
[SourceTitle "EXT 2014"]
[Source "ChessBase"]
[SourceDate "2013.11.20"]
[SourceVersion "1"]
[SourceVersionDate "2013.11.20"]
[SourceQuality "1"]

1. e4 e6 2. d4 d5 3. Nc3 Bb4 4. e5 Qd7 5. a3 Bf8 6. Nf3 b6 7. b4 c6 8. Rb1 Ne7 9. Bd3 Ba6 10. b5 cxb5 11. Nxb5 Nec6 12. 0-0 Be7 13. a4 0-0 14. c3 Na5 15. Ng5 Bxg5 16. Bxg5 Nbc6 17. Qg4 Ne7 18. Bxh7+ Kxh7 19. Qh4+ Kg8 20. Bxe7 Bxb5 21. axb5 Rfe8 22. Bf6 1-0

[Event "Pavlodar op"]
[Site "Pavlodar"]
[Date "2012.12.06"]
[Round "8"]
[White "Temirbayev, Serikbay"]
[Black "Petrukhina, Irina"]
[Result "1/2-1/2"]
[WhiteElo "2387"]
[BlackElo "2214"]
[PlyCount "65"]
[EventDate "2012.11.30"]
[EventType "swiss"]
[EventRounds "10"]
[EventCountry "KAZ"]
[SourceTitle "EXT 2014"]
[Source "ChessBase"]
[SourceDate "2013.11.20"]
[SourceVersion "1"]
[SourceVersionDate "2013.11.20"]
[SourceQuality "1"]

1. d4 Nf6 2. c4 g6 3. f3 d5 4. cxd5 Nxd5 5. e4 Nb6 6. Nc3 Bg7 7. Be3 0-0 8. f4 Nc6 9. Nf3 Bg4 10. d5 Na5 11. Bd4 Bxf3 12. gxf3 e6 13. h4 exd5 14. Bxg7 Kxg7 15. Nxd5 Nxd5 16. Qxd5 Qxd5 17. exd5 Rfe8+ 18. Kf2 c5 19. Rc1 b6 20. Ba6 Rad8 21. Rhd1 Re7 22. Rd3 Nb7 23. Bxb7 Rxb7 24. d6 Kf6 25. Rcd1 Ke6 26. Kg3 Kd7 27. f5 Kc6 28. b4 c4 29. Rd5 b5 30. Kf4 Rbd7 31. Rc5+ Kb6 32. Rcd5 Kc6 33. Rc5+ 1/2-1/2

[Event "KAZ-ch"]
[Site "Astana"]
[Date "2012.04.13"]
[Round "8"]
[White "Akkozov, Berik"]
[Black "Temirbayev, Serikbay"]
[Result "1/2-1/2"]
[WhiteElo "2363"]
[BlackElo "2391"]
[PlyCount "59"]
[EventDate "2012.04.06"]
[EventType "tourn"]
[EventRounds "13"]
[EventCountry "KAZ"]
[EventCategory "6"]
[SourceTitle "CBM 148 Extra"]
[Source "ChessBase"]
[SourceDate "2012.06.22"]
[SourceVersion "1"]
[SourceVersionDate "2012.06.22"]
[SourceQuality "1"]

1. d4 e6 2. c4 f5 3. Nf3 Nf6 4. Qc2 b6 5. g3 Bb7 6. Bg2 Bb4+ 7. Bd2 Bxd2+ 8. Nbxd2 0-0 9. 0-0 a5 10. Rfd1 Qe7 11. Nf1 Be4 12. Qc1 d6 13. Ne3 g6 14. d5 e5 15. Bh3 Bxf3 16. exf3 Na6 17. Re1 Nc5 18. Qd2 Qg7 19. b3 Kh8 20. Nc2 Rae8 21. Rab1 Re7 22. a3 a4 23. b4 Nb3 24. Qc3 Rfe8 25. Re2 e4 26. f4 h5 27. Ne3 Ng4 28. Qxg7+ Rxg7 29. Bxg4 hxg4 30. Rd1 1/2-1/2

[Event "KAZ-ch"]
[Site "Astana"]
[Date "2012.04.07"]
[Round "2"]
[White "Temirbayev, Serikbay"]
[Black "Jumabayev, Rinat"]
[Result "1/2-1/2"]
[WhiteElo "2391"]
[BlackElo "2287"]
[PlyCount "201"]
[EventDate "2012.04.06"]
[EventType "tourn"]
[EventRounds "13"]
[EventCountry "KAZ"]
[EventCategory "6"]
[SourceTitle "CBM 148 Extra"]
[Source "ChessBase"]
[SourceDate "2012.06.22"]
[SourceVersion "1"]
[SourceVersionDate "2012.06.22"]
[SourceQuality "1"]

1. d4 Nf6 2. c4 e6 3. Nf3 b6 4. g3 Ba6 5. b3 Bb4+ 6. Bd2 Be7 7. Bg2 d5 8. cxd5 exd5 9. 0-0 0-0 10. Nc3 Bb7 11. Rc1 Na6 12. Ne5 h6 13. Bf4 Re8 14. Nd3 Bf8 15. Re1 c5 16. dxc5 bxc5 17. Na4 Rc8 18. Be5 Ne4 19. Bb2 Qd7 20. e3 Red8 21. Nf4 f5 22. Nc3 Qf7 23. Nce2 Nb4 24. a3 Nc6 25. f3 Ng5 26. h4 Nh7 27. Qd2 a5 28. Red1 d4 29. exd4 cxd4 30. Nd3 Qxb3 31. Kh2 Qf7 32. Rc2 Nf6 33. Nef4 g5 34. hxg5 hxg5 35. Nh3 g4 36. Qg5+ Bg7 37. Nhf4 gxf3 38. Bxf3 Ne4 39. Qg6 Qxg6 40. Nxg6 Kh7 41. Nh4 Ne5 42. Rxc8 Rxc8 43. Bxd4 Rc2+ 44. Kg1 Nxf3+ 45. Nxf3 Nxg3 46. Nde1 Ne2+ 47. Kf1 Ng3+ 48. Kg1 Bxf3 49. Nxf3 Ra2 50. Bc5 Ne4 51. Be7 Bh6 52. Rd3 Bc1 53. Kf1 f4 54. Ke1 Be3 55. Ne5 Nc3 56. Kf1 Rf2+ 57. Ke1 Re2+ 58. Kf1 Rf2+ 59. Ke1 Rc2 60. Kf1 Ne4 61. Rd7 Kh6 62. Bd8 Ng3+ 63. Ke1 Rc1+ 64. Rd1 Bf2+ 65. Kd2 Be3+ 66. Ke1 Rc5 67. Ng4+ Kh5 68. Nxe3 fxe3 69. Bb6 Rc3 70. Bxa5 Rxa3 71. Bb6 e2 72. Rc1 Ra2 73. Bf2 Ne4 74. Rc4 Nd2 75. Rh4+ Kg5 76. Kxe2 Ne4+ 77. Ke3 Nxf2 78. Rh8 Ng4+ 79. Kd3 Ra3+ 80. Kd4 Kf5 81. Rf8+ Nf6 82. Rh8 Ra4+ 83. Kd3 Ke5 84. Rd8 Rh4 85. Rf8 Rd4+ 86. Kc2 Ne4 87. Re8+ Kf4 88. Re7 Ke3 89. Re8 Rd7 90. Rh8 Kd4 91. Rh4 Rb7 92. Rf4 Rc7+ 93. Kb3 Rh7 94. Rg4 Rb7+ 95. Kc2 Ke3 96. Rh4 Kd4 97. Rf4 Rh7 98. Rg4 Rh3 99. Rf4 Rc3+ 100. Kb2 Re3 101. Kc2 1/2-1/2

[Event "KAZ-ch"]
[Site "Astana"]
[Date "2012.04.06"]
[Round "1"]
[White "Khusnutdinov, Rustam"]
[Black "Temirbayev, Serikbay"]
[Result "1-0"]
[WhiteElo "2500"]
[BlackElo "2391"]
[PlyCount "95"]
[EventDate "2012.04.06"]
[EventType "tourn"]
[EventRounds "13"]
[EventCountry "KAZ"]
[EventCategory "6"]
[SourceTitle "CBM 148 Extra"]
[Source "ChessBase"]
[SourceDate "2012.06.22"]
[SourceVersion "1"]
[SourceVersionDate "2012.06.22"]
[SourceQuality "1"]

1. d4 Nf6 2. c4 g6 3. Nc3 Bg7 4. e4 d6 5. f3 0-0 6. Nge2 a6 7. Be3 b6 8. Qd2 c5 9. d5 e6 10. dxe6 Bxe6 11. Nf4 Nc6 12. 0-0-0 Nd4 13. Kb1 Nd7 14. Nce2 Nxe2 15. Bxe2 Ne5 16. Nxe6 fxe6 17. Bg5 Qe8 18. Qxd6 Nc6 19. Qd7 Nd4 20. Qxe8 Rfxe8 21. Rhe1 b5 22. cxb5 axb5 23. Be3 Ra5 24. e5 Rea8 25. Bxd4 cxd4 26. a3 Bxe5 27. Bf1 b4 28. axb4 Ra1+ 29. Kc2 Rxd1 30. Rxd1 Kf7 31. g3 g5 32. Bc4 Kf6 33. Re1 Re8 34. Kd3 h5 35. Ke4 Rd8 36. Kd3 Re8 37. Re4 Kf5 38. b5 Re7 39. b6 Rb7 40. f4 gxf4 41. gxf4 Bf6 42. Bxe6+ Kg6 43. Re2 Bd8 44. Kxd4 Bxb6+ 45. Kd5 Rb8 46. b4 Bc7 47. f5+ Kf6 48. Rg2 1-0

[Event "Ulan-Ude Sangha 2nd"]
[Site "Ulan-Ude"]
[Date "2011.06.07"]
[Round "6"]
[White "Dondukov, Sengdorji"]
[Black "Temirbayev, Serikbay"]
[Result "1/2-1/2"]
[WhiteElo "2279"]
[BlackElo "2413"]
[PlyCount "36"]
[EventDate "2011.06.04"]
[EventType "tourn"]
[EventRounds "9"]
[EventCountry "RUS"]
[EventCategory "7"]
[SourceTitle "EXT 2012"]
[Source "ChessBase"]
[SourceDate "2011.11.24"]
[SourceVersion "1"]
[SourceVersionDate "2011.11.24"]
[SourceQuality "1"]

1. e4 e6 2. d4 d5 3. exd5 exd5 4. Nf3 Nf6 5. Bd3 Bd6 6. 0-0 0-0 7. Bg5 Bg4 8. Nbd2 Nbd7 9. c3 c6 10. Qc2 Qc7 11. Rfe1 Rfe8 12. h3 Bh5 13. Rxe8+ Rxe8 14. Re1 Rxe1+ 15. Nxe1 Bg6 16. Bxg6 hxg6 17. Nef3 Nf8 18. Bxf6 gxf6 1/2-1/2

[Event "Ulan-Ude Sangha 2nd"]
[Site "Ulan-Ude"]
[Date "2011.06.05"]
[Round "3"]
[White "Temirbayev, Serikbay"]
[Black "Badmatsyrenov, Alexander"]
[Result "1-0"]
[WhiteElo "2413"]
[BlackElo "2298"]
[PlyCount "71"]
[EventDate "2011.06.04"]
[EventType "tourn"]
[EventRounds "9"]
[EventCountry "RUS"]
[EventCategory "7"]
[SourceTitle "EXT 2012"]
[Source "ChessBase"]
[SourceDate "2011.11.24"]
[SourceVersion "1"]
[SourceVersionDate "2011.11.24"]
[SourceQuality "1"]

1. d4 Nf6 2. c4 e5 3. dxe5 Ng4 4. Bf4 g5 5. Bg3 Bg7 6. e3 Nxe5 7. Nc3 d6 8. h4 g4 9. Nge2 Nbc6 10. Nf4 h5 11. Nfd5 a6 12. Bf4 Bf5 13. Bg5 f6 14. Bf4 Qd7 15. Be2 0-0-0 16. b4 Ne7 17. 0-0 Bh6 18. Bg3 Bg6 19. Nxe7+ Qxe7 20. Nd5 Qe6 21. b5 axb5 22. cxb5 Be4 23. Nc3 d5 24. Nxe4 dxe4 25. Qa4 Kb8 26. Qxe4 Rd2 27. Rfe1 Rhd8 28. Bf1 Rxa2 29. b6 Rxa1 30. bxc7+ Kxc7 31. Rxa1 Bf8 32. Rb1 Qd5 33. Qh7+ Kc8 34. Rc1+ Bc5 35. Qc2 b6 36. Qf5+ 1-0

[Event "KAZ-ch"]
[Site "Astana"]
[Date "2011.05.??"]
[Round "10"]
[White "Erzhanov, Arman"]
[Black "Temirbayev, Serikbay"]
[Result "1/2-1/2"]
[WhiteElo "2305"]
[BlackElo "2413"]
[PlyCount "39"]
[EventDate "2011.05.??"]
[EventType "tourn"]
[EventRounds "13"]
[EventCountry "KAZ"]
[EventCategory "6"]
[SourceTitle "CBM 142 Extra"]
[Source "ChessBase"]
[SourceDate "2011.06.27"]
[SourceVersion "1"]
[SourceVersionDate "2011.06.27"]
[SourceQuality "1"]

1. e4 e6 2. d4 d5 3. Nd2 a6 4. Ngf3 c5 5. exd5 exd5 6. dxc5 Bxc5 7. Nb3 Bb6 8. Bg5 Nf6 9. Qe2+ Be6 10. Nfd4 Qe7 11. 0-0-0 Nc6 12. Nxe6 fxe6 13. g3 0-0 14. Bh3 Rae8 15. Rhe1 h6 16. Bxf6 Rxf6 17. f4 Kh8 18. Qh5 Rd8 19. Rd2 a5 20. Rde2 1/2-1/2

[Event "KAZ-ch"]
[Site "Astana"]
[Date "2011.05.??"]
[Round "12"]
[White "Ismagambetov, Anuar"]
[Black "Temirbayev, Serikbay"]
[Result "1-0"]
[WhiteElo "2496"]
[BlackElo "2413"]
[PlyCount "63"]
[EventDate "2011.05.??"]
[EventType "tourn"]
[EventRounds "13"]
[EventCountry "KAZ"]
[EventCategory "6"]
[SourceTitle "CBM 142 Extra"]
[Source "ChessBase"]
[SourceDate "2011.06.27"]
[SourceVersion "1"]
[SourceVersionDate "2011.06.27"]
[SourceQuality "1"]

1. e4 e6 2. d4 d5 3. Nc3 Nf6 4. e5 Nfd7 5. f4 c5 6. Nf3 Nc6 7. Be3 Be7 8. Be2 0-0 9. 0-0 a6 10. Qe1 b5 11. a3 Qb6 12. Qf2 cxd4 13. Nxd4 Bc5 14. Rad1 Bb7 15. Bg4 Nxd4 16. Bxd4 Bxd4 17. Rxd4 Rac8 18. Rfd1 Rc7 19. Be2 f6 20. exf6 Nxf6 21. Bf3 Rfc8 22. R1d2 a5 23. Qe3 Ba6 24. h3 b4 25. axb4 axb4 26. Na4 Qd6 27. c3 bxc3 28. Nxc3 Qb6 29. f5 exf5 30. Bxd5+ Kh8 31. Qe6 Nxd5 32. Qxb6 1-0

[Event "KAZ-ch"]
[Site "Astana"]
[Date "2011.05.??"]
[Round "13"]
[White "Temirbayev, Serikbay"]
[Black "Karayev, Assylkhan"]
[Result "1-0"]
[WhiteElo "2413"]
[BlackElo "2260"]
[PlyCount "27"]
[EventDate "2011.05.??"]
[EventType "tourn"]
[EventRounds "13"]
[EventCountry "KAZ"]
[EventCategory "6"]
[SourceTitle "CBM 142 Extra"]
[Source "ChessBase"]
[SourceDate "2011.06.27"]
[SourceVersion "1"]
[SourceVersionDate "2011.06.27"]
[SourceQuality "1"]

1. d4 Nf6 2. c4 d6 3. Nf3 Nbd7 4. Nc3 e5 5. Bg5 Be7 6. e3 0-0 7. Qc2 c6 8. Be2 Qa5 9. 0-0 exd4 10. exd4 Re8 11. Bd3 Nf8 12. h3 h6 13. Bd2 Qh5 14. Ne2 1-0

[Event "KAZ-ch"]
[Site "Astana"]
[Date "2011.05.??"]
[Round "5"]
[White "Temirbayev, Serikbay"]
[Black "Kotsur, Pavel"]
[Result "1/2-1/2"]
[WhiteElo "2413"]
[BlackElo "2562"]
[PlyCount "25"]
[EventDate "2011.05.??"]
[EventType "tourn"]
[EventRounds "13"]
[EventCountry "KAZ"]
[EventCategory "6"]
[SourceTitle "CBM 142 Extra"]
[Source "ChessBase"]
[SourceDate "2011.06.27"]
[SourceVersion "1"]
[SourceVersionDate "2011.06.27"]
[SourceQuality "1"]

1. d4 d5 2. c4 e6 3. Nc3 c6 4. e3 Bd6 5. Nf3 f5 6. Ne5 Nf6 7. Be2 0-0 8. 0-0 c5 9. Bf3 Nc6 10. cxd5 exd5 11. Nxd5 Bxe5 12. dxe5 Nxe5 13. Nxf6+ 1/2-1/2

[Event "Pavlodar op"]
[Site "Pavlodar"]
[Date "2010.12.07"]
[Round "8"]
[White "Kurmanbayev, Yerken"]
[Black "Temirbayev, Serikbay"]
[Result "1-0"]
[WhiteElo "2146"]
[BlackElo "2428"]
[PlyCount "73"]
[EventDate "2010.11.30"]
[EventType "swiss"]
[EventRounds "10"]
[EventCountry "KAZ"]
[SourceTitle "EXT 2012"]
[Source "ChessBase"]
[SourceDate "2011.11.24"]
[SourceVersion "1"]
[SourceVersionDate "2011.11.24"]
[SourceQuality "1"]

1. e4 e6 2. d4 d5 3. e5 c5 4. c3 Nc6 5. Nf3 Bd7 6. Be2 Qb6 7. 0-0 Nh6 8. dxc5 Bxc5 9. b4 Bf8 10. Bf4 a5 11. b5 Ne7 12. c4 Nhf5 13. g4 Ng6 14. Bg5 Nfe7 15. Nc3 h5 16. h3 hxg4 17. hxg4 f6 18. exf6 gxf6 19. Bxf6 Rh3 20. Qd2 Qd6 21. Ne4 Qf4 22. Qxf4 Nxf4 23. Nd6+ Kd8 24. Bd1 Kc7 25. c5 Neg6 26. b6+ Kb8 27. Ne5 Bxd6 28. cxd6 Nxe5 29. Bxe5 Nd3 30. Bg3 Kc8 31. Be2 Nb4 32. Kg2 Rh8 33. Rh1 Rg8 34. Rh7 d4 35. a3 Nd5 36. Rxd7 Kxd7 37. Bb5+ 1-0

[Event "Pavlodar op"]
[Site "Pavlodar"]
[Date "2010.12.06"]
[Round "7"]
[White "Temirbayev, Serikbay"]
[Black "Ospanov, Nazar"]
[Result "1/2-1/2"]
[WhiteElo "2428"]
[BlackElo "2227"]
[PlyCount "34"]
[EventDate "2010.11.30"]
[EventType "swiss"]
[EventRounds "10"]
[EventCountry "KAZ"]
[SourceTitle "EXT 2012"]
[Source "ChessBase"]
[SourceDate "2011.11.24"]
[SourceVersion "1"]
[SourceVersionDate "2011.11.24"]
[SourceQuality "1"]

1. d4 d5 2. c4 c6 3. Nf3 Nf6 4. e3 e6 5. Bd3 Nbd7 6. 0-0 Bd6 7. Nc3 dxc4 8. Bxc4 b5 9. Bd3 0-0 10. e4 e5 11. Bg5 exd4 12. Nxd4 Ne5 13. Bc2 h6 14. Bh4 Ng6 15. Bg3 Bxg3 16. hxg3 Qb6 17. Nf3 Re8 1/2-1/2

[Event "Pavlodar op"]
[Site "Pavlodar"]
[Date "2010.11.30"]
[Round "1"]
[White "Minnekhanov, Eldar"]
[Black "Temirbayev, Serikbay"]
[Result "0-1"]
[WhiteElo "1971"]
[BlackElo "2428"]
[PlyCount "170"]
[EventDate "2010.11.30"]
[EventType "swiss"]
[EventRounds "10"]
[EventCountry "KAZ"]
[SourceTitle "EXT 2012"]
[Source "ChessBase"]
[SourceDate "2011.11.24"]
[SourceVersion "1"]
[SourceVersionDate "2011.11.24"]
[SourceQuality "1"]

1. e4 e6 2. d3 d5 3. Nd2 Nf6 4. Ngf3 Nc6 5. g3 dxe4 6. dxe4 Bc5 7. Bg2 0-0 8. 0-0 e5 9. h3 a5 10. c3 b6 11. Qa4 Rb8 12. Rd1 Qe8 13. Nf1 Nd4 14. Qxe8 Nxf3+ 15. Bxf3 Rxe8 16. g4 Bb7 17. Ng3 h6 18. g5 hxg5 19. Bxg5 Nh7 20. Bd2 Nf8 21. Nf5 Ne6 22. h4 Rbd8 23. Rac1 Rd3 24. Be3 Red8 25. Re1 Bxe3 26. Nxe3 Nf4 27. Kh2 g6 28. Rcd1 Kg7 29. Rxd3 Rxd3 30. Kg3 Kf6 31. Rd1 Rxd1 32. Nxd1 Nd3 33. Bg2 Nc1 34. a3 Ne2+ 35. Kg4 Nf4 36. Bh1 Ke7 37. b4 Ba6 38. Bf3 Bc8+ 39. Kg3 Be6 40. Ne3 Kd6 41. Bg4 Bb3 42. Bd1 Ba2 43. Kg4 f6 44. Kg3 Bf7 45. Ng4 Ke7 46. Ne3 Kd6 47. Ng4 Nh5+ 48. Kf3 Be6 49. Ne3 Nf4 50. Be2 axb4 51. axb4 Bc8 52. Bc4 Bb7 53. Bb3 Ke7 54. Nc4 Ba6 55. Ne3 Bb7 56. Nc4 Kf8 57. Nd2 Kg7 58. Kg4 Kh6 59. f3 Bc6 60. Kg3 Ne2+ 61. Kf2 Nxc3 62. Bf7 Nb5 63. Nc4 Nd4 64. Kg3 Ne2+ 65. Kf2 Nf4 66. Kg3 Nd3 67. b5 Bd7 68. Ne3 Bxb5 69. Nd5 Kg7 70. Nxc7 Kxf7 71. Nxb5 Nf4 72. Kf2 Ke7 73. Ke3 Kd7 74. Kd2 Kc6 75. Na3 Ng2 76. Nc2 Kc5 77. Kc3 Nxh4 78. Ne1 Kb5 79. Kb3 g5 80. Kc3 Ka4 81. Kb2 Kb4 82. Nc2+ Kc4 83. Ne3+ Kd4 84. Nd5 Nxf3 85. Nxf6 Nh2 0-1

[Event "Mumbai Mayors Cup 3rd"]
[Site "Mumbai"]
[Date "2010.06.09"]
[Round "10"]
[White "Temirbayev, Serikbay"]
[Black "Hera, Imre Jr"]
[Result "0-1"]
[WhiteElo "2455"]
[BlackElo "2558"]
[PlyCount "86"]
[EventDate "2010.06.02"]
[EventType "swiss"]
[EventRounds "11"]
[EventCountry "IND"]
[SourceTitle "CBM 136 Extra"]
[Source "ChessBase"]
[SourceDate "2010.07.02"]
[SourceVersion "2"]
[SourceVersionDate "2010.07.15"]
[SourceQuality "1"]

1. d4 Nf6 2. c4 e6 3. Nf3 d5 4. g3 dxc4 5. Qa4+ Nbd7 6. Bg2 a6 7. Qxc4 b5 8. Qc6 Rb8 9. 0-0 Bb7 10. Qc2 c5 11. dxc5 Bxc5 12. Nbd2 Rc8 13. Qd1 0-0 14. Nb3 Bb6 15. a4 Be4 16. Ne1 Qc7 17. axb5 axb5 18. Nd3 Qb7 19. Bxe4 Nxe4 20. Bd2 h5 21. Ba5 Ba7 22. Nd2 Ndf6 23. Nf3 Ng4 24. e3 h4 25. Nxh4 Nexf2 26. Nxf2 Nxe3 27. Qf3 Qxf3 28. Nxf3 Nxf1 29. Kxf1 Bxf2 30. Kxf2 Rc2+ 31. Ke3 Rxb2 32. Rd1 b4 33. Rd4 Rb8 34. Bc7 Rc8 35. Ng5 b3 36. Rd7 Rc2 37. Be5 f6 38. Nxe6 fxe5 39. Rxg7+ Kh8 40. Rb7 b2 41. Ke4 Rf2 42. Ke3 Rxh2 43. Ng5 Rc1 0-1

[Event "Mumbai Mayors Cup 3rd"]
[Site "Mumbai"]
[Date "2010.06.08"]
[Round "9"]
[White "Vishnu, Prasanna V"]
[Black "Temirbayev, Serikbay"]
[Result "0-1"]
[WhiteElo "2345"]
[BlackElo "2455"]
[PlyCount "62"]
[EventDate "2010.06.02"]
[EventType "swiss"]
[EventRounds "11"]
[EventCountry "IND"]
[SourceTitle "CBM 136 Extra"]
[Source "ChessBase"]
[SourceDate "2010.07.02"]
[SourceVersion "2"]
[SourceVersionDate "2010.07.15"]
[SourceQuality "1"]

1. e4 e6 2. d4 d5 3. Nd2 c5 4. exd5 exd5 5. Ngf3 Nc6 6. Bb5 Bd6 7. dxc5 Bxc5 8. 0-0 Nge7 9. Nb3 Bd6 10. Re1 0-0 11. Bd3 h6 12. h3 Nf5 13. c3 Qf6 14. Bc2 Rd8 15. Qd3 g6 16. Nh2 d4 17. Ng4 Qg7 18. Nxd4 Ncxd4 19. cxd4 Be6 20. Qd2 Nxd4 21. Nxh6+ Kh7 22. Bd1 Bf8 23. Qe3 Qxh6 24. Qg3 Qg7 25. Bg5 Nf5 26. Qf3 Rd5 27. Re4 Qxb2 28. Rc1 Bg7 29. h4 Rad8 30. Ba4 Rd3 31. Qf4 R8d4 0-1

[Event "Mumbai Mayors Cup 3rd"]
[Site "Mumbai"]
[Date "2010.06.04"]
[Round "4"]
[White "Temirbayev, Serikbay"]
[Black "Dreev, Alexey"]
[Result "0-1"]
[WhiteElo "2455"]
[BlackElo "2655"]
[PlyCount "122"]
[EventDate "2010.06.02"]
[EventType "swiss"]
[EventRounds "11"]
[EventCountry "IND"]
[SourceTitle "CBM 136 Extra"]
[Source "ChessBase"]
[SourceDate "2010.07.02"]
[SourceVersion "2"]
[SourceVersionDate "2010.07.15"]
[SourceQuality "1"]

1. d4 d5 2. c4 c6 3. Nf3 Nf6 4. Qc2 g6 5. cxd5 cxd5 6. Bg5 Ne4 7. Bf4 Nc6 8. Nc3 Nxc3 9. bxc3 Bg7 10. e3 Bf5 11. Qb3 Qd7 12. Be2 0-0 13. 0-0 Rfc8 14. Qb2 Na5 15. Nd2 f6 16. Rfc1 e5 17. Bg3 b6 18. a4 Be6 19. Ba6 Rd8 20. h4 Nc6 21. Nb3 Ne7 22. f3 Nf5 23. Bf2 Nd6 24. Nd2 Rf8 25. Bf1 Rac8 26. a5 b5 27. Nb3 Bf7 28. Nc5 Qc6 29. a6 Rb8 30. Ra5 Rb6 31. Rca1 e4 32. f4 Rfb8 33. Qc1 h5 34. Qd1 Qc8 35. Qd2 Bf8 36. Qc1 Qc6 37. Qd1 Nf5 38. Nb7 Qxc3 39. Rxb5 Rxb5 40. Bxb5 Nxe3 41. Qe1 Qxe1+ 42. Rxe1 Nf5 43. Bd7 Nd6 44. Rc1 Nc4 45. f5 Bh6 46. Rb1 Bf4 47. fxg6 Bxg6 48. Be6+ Bf7 49. Bxf7+ Kxf7 50. Rb5 Ke6 51. Nc5+ Kf5 52. Rb7 Rg8 53. Rxa7 Ne3 54. Bxe3 Bxe3+ 55. Kf1 Bxd4 56. Rd7 Ke5 57. Nb7 Ra8 58. Re7+ Kf4 59. Rd7 Rxa6 60. Rxd5 Ra1+ 61. Ke2 Ra2+ 0-1

[Event "Bhubaneswar op 1st"]
[Site "Bhubaneswar"]
[Date "2009.06.11"]
[Round "7"]
[White "Temirbayev, Serikbay"]
[Black "Zubarev, Alexander2222"]
[Result "1/2-1/2"]
[WhiteElo "2458"]
[BlackElo "2566"]
[PlyCount "66"]
[EventDate "2009.06.07"]
[EventType "swiss"]
[EventRounds "10"]
[EventCountry "IND"]
[SourceTitle "CBM 130 Extra"]
[Source "ChessBase"]
[SourceDate "2009.07.02"]
[SourceVersion "2"]
[SourceVersionDate "2009.07.15"]
[SourceQuality "1"]

1. d4 Nf6 2. c4 e6 3. Nf3 b6 4. g3 Ba6 5. b3 Bb7 6. Bg2 Bb4+ 7. Bd2 c5 8. 0-0 0-0 9. Bxb4 cxb4 10. a3 Na6 11. axb4 Nxb4 12. Nc3 d6 13. Qb1 a5 14. Rd1 d5 15. Ne5 Rc8 16. e4 dxc4 17. bxc4 Ba6 18. c5 bxc5 19. d5 Qd6 20. Nf3 e5 21. Rxa5 Rb8 22. Qa1 Bd3 23. Ne1 c4 24. Qa3 Rfd8 25. Rd2 Ng4 26. h3 Qh6 27. Rd1 Nxf2 28. Kxf2 Qb6+ 29. Kf3 Qf6+ 30. Ke3 Qb6+ 31. Kf3 Qf6+ 32. Ke3 Qb6+ 33. Kf3 Qf6+ 1/2-1/2